01003cam a22003014a 45000010009000000050017000090080041000260100017000670160020000840200039001040200036001430350024001790400045002030410008002480420008002560600015002640600028002790800016003070820022003231000006003451010008003512450100003595040051004599060045005109420012005559990017005679520117005841590751220180228034403.0090915s2010 enk b 001 0 eng  a 20090377217 a1015151652DNLM a9780195398861 (cloth : alk. paper) a0195398866 (cloth : alk. paper) a(OCoLC)ocn436968430 aDNLM/DLCcDLCdNLMdC#PdYDXCPdBWXdDLC aeng apcc00a2010 D-76610a616.89075 CbC793c 2010 a616.89075 C00a616.89075 COR2221 a7 aNEU10aClinical assessment and diagnosis in social work practice /cJacqueline Corcoran, Joseph Walsh. aIncludes bibliographical references and index. a7bcbccorignewd1eecipf20gy-gencatlg 2ddccBK c43677d43677 00102udc40708PËKGa002b002cPËKGd2018-02-28l0o616.89075 CORp002-3000182r2018-02-28w2018-02-28yBK